[Event "FRA-ch Youth U14 2019"]
[Site "Hyeres"]
[Date "2019.04.14"]
[Round "1.1"]
[White "Nguyen-Cadoret, Nathan"]
[Black "Morais, Thomas"]
[Result "1-0"]
[WhiteElo "2211"]
[BlackElo "1786"]
[Annotator "NA"]
[PlyCount "87"]
[EventDate "2019.04.14"]
[EventType "swiss"]
[EventCountry "FRA"]
[SourceTitle "playchess.com"]
[Source "ChessBase"]
[SourceQuality "1"]
[TimeControl "5400+30"]

1. d4 {[%emt 0:00:10]} Nf6 {[%emt 0:00:00]} 2. c4 {[%emt 0:00:30]} c5 {[%emt 0:00:00]} 3. d5 {[%emt 0:00:34]} e6 {[%emt 0:00:00]} 4. Nc3 {[%emt 0:00:37]} exd5 {[%emt 0:00:00]} 5. cxd5 {[%emt 0:00:05]} d6 {[%emt 0:00:01]} 6. e4 {[%emt 0:01:26]} g6 {[%emt 0:00:05]} 7. Nf3 {[%emt 0:00:19]} Bg7 {[%emt 0:00:04]} 8. Be2 {[%emt 0:00:10]} O-O {[%emt 0:00:57]} 9. O-O {[%emt 0:00:46]} Bg4 {[%emt 0:08:22]} 10. Nd2 {[%emt 0:18:14]} Bxe2 {[%emt 0:00:44]} 11. Qxe2 {[%emt 0:01:08]} Re8 {[%emt 0:10:39]} 12. Re1 {[%emt 0:17:42]} Nbd7 {[%emt 0:05:14]} 13. a4 {[%emt 0:08:47]} Nb6 {[%emt 0:02:08]} 14. Qd3 {[%emt 0:02:51]} Rc8 {[%emt 0:03:01]} 15. a5 {[%emt 0:01:29]} c4 {[%emt 0:00:42]} 16. Qf1 {[%emt 0:00:39]} Nbd7 {[%emt 0:03:45]} 17. Nxc4 {[%emt 0:04:51]} Qc7 {[%emt 0:03:20]} 18. Nd2 {[%emt 0:19:45]} Nc5 {[%emt 0:06:41]} 19. Ra3 {[%emt 0:00:55]} Qd7 {[%emt 0:04:06]} 20. f3 {[%emt 0:02:01]} Nh5 {[%emt 0:04:05]} 21. Nb3 {[%emt 0:06:49]} Nxb3 {[%emt 0:02:15]} 22. Rxb3 {[%emt 0:00:03]} Bxc3 {[%emt 0:08:48]} 23. bxc3 {[%emt 0:00:48]} Rc5 {[%emt 0:03:07]} 24. a6 {[%emt 0:11:21]} b6 {[%emt 0:33:56]} 25. Be3 {[%emt 0:00:30]} Rc7 {[%emt 0:00:00]} 26. Bd4 {[%emt 0:00:00]} Rec8 27. Rb4 {[%emt 0:01:00]} Qe7 {[%emt 0:01:30]} 28. Qf2 {[%emt 0:00:30]} Qg5 {[%emt 0:00:30]} 29. Re3 {[%emt 0:00:00]} Rc4 30. Rxc4 {[%emt 0:01:00]} Rxc4 {[%emt 0:01:00]} 31. e5 {[%emt 0:00:00]} Ra4 {[%emt 0:00:00]} 32. exd6 {[%emt 0:01:00]} Ra1+ {[%emt 0:00:00]} 33. Re1 {[%emt 0:00:00]} Nf4 {[%emt 0:00:00]} 34. Rxa1 {[%emt 0:00:07]} Nh3+ {[%emt 0:00:00]} 35. Kf1 {[%emt 0:00:02]} Nxf2 {[%emt 0:00:00]} 36. Bxb6 {[%emt 0:00:31]} Qxd5 {[%emt 0:00:00]} 37. Bxf2 {[%emt 0:00:46]} Qxd6 {[%emt 0:00:00]} 38. Bxa7 {[%emt 0:00:54]} Qd3+ {[%emt 0:00:00]} 39. Kg1 {[%emt 0:00:34]} Qxc3 {[%emt 0:00:00]} 40. Rb1 {[%emt 0:00:29]} Qa5 {[%emt 0:00:00]} 41. Bd4 {[%emt 0:00:09]} f5 {[%emt 0:00:00]} 42. a7 {[%emt 0:00:20]} f4 {[%emt 0:00:00]} 43. Bf2 {[%emt 0:00:34]} Kf7 {[%emt 0:00:00]} 44. h3 {[%emt 0:00:02]} 1-0

[Event "FRA-ch Youth U14 2019"]
[Site "Hyeres"]
[Date "2019.04.14"]
[Round "1.2"]
[White "Charil, Noa"]
[Black "Razafindratsima, Timothe"]
[Result "0-1"]
[WhiteElo "1784"]
[BlackElo "2181"]
[Annotator "NA"]
[PlyCount "106"]
[EventDate "2019.04.14"]
[EventType "swiss"]
[EventCountry "FRA"]
[SourceTitle "playchess.com"]
[Source "ChessBase"]
[SourceQuality "1"]
[TimeControl "5400+30"]

1. d4 {[%emt 0:00:00]} Nf6 {[%emt 0:00:00]} 2. Nf3 {[%emt 0:00:00]} g6 {[%emt 0:00:00]} 3. g3 {[%emt 0:00:00]} Bg7 {[%emt 0:00:01]} 4. Bg2 {[%emt 0:00:00]} O-O {[%emt 0:00:13]} 5. O-O {[%emt 0:00:06]} d5 {[%emt 0:00:22]} 6. b3 {[%emt 0:00:20]} c5 {[%emt 0:00:50]} 7. e3 {[%emt 0:01:29]} Nc6 {[%emt 0:00:18]} 8. Bb2 {[%emt 0:02:53]} Bg4 {[%emt 0:03:24]} 9. Nbd2 {[%emt 0:10:29]} Ne4 {[%emt 0:09:59]} 10. h3 {[%emt 0:16:41]} Bf5 {[%emt 0:06:53]} 11. c3 {[%emt 0:08:17]} Qa5 {[%emt 0:08:55]} 12. Nxe4 {[%emt 0:05:26]} Bxe4 {[%emt 0:00:46]} 13. Qd2 {[%emt 0:20:59]} Rfd8 {[%emt 0:04:37]} 14. Rfd1 {[%emt 0:02:18]} Rac8 {[%emt 0:01:26]} 15. Ne1 {[%emt 0:10:11]} Bxg2 {[%emt 0:02:45]} 16. Kxg2 {[%emt 0:00:22]} e5 {[%emt 0:01:20]} 17. dxe5 {[%emt 0:02:29]} Nxe5 {[%emt 0:02:03]} 18. Nd3 {[%emt 0:01:15]} Nxd3 {[%emt 0:01:39]} 19. Qxd3 {[%emt 0:00:06]} c4 {[%emt 0:00:11]} 20. Qc2 {[%emt 0:02:24]} Qc5 {[%emt 0:03:31]} 21. Rac1 {[%emt 0:01:34]} h5 {[%emt 0:00:48]} 22. h4 {[%emt 0:07:06]} Qc6 {[%emt 0:01:42]} 23. Kh2 {[%emt 0:00:48]} b5 {[%emt 0:49:47]} 24. b4 {[%emt 0:04:22]} Be5 {[%emt 0:00:00]} 25. a4 {[%emt 0:02:10]} a6 {[%emt 0:00:00]} 26. Ra1 {[%emt 0:00:41]} Ra8 {[%emt 0:00:00]} 27. Ra3 {[%emt 0:00:05]} Qe6 {[%emt 0:00:00]} 28. Qe2 {[%emt 0:00:42]} bxa4 {[%emt 0:00:00]} 29. Rc1 {[%emt 0:00:36]} a5 {[%emt 0:00:00]} 30. Rxa4 {[%emt 0:00:31]} axb4 {[%emt 0:00:00]} 31. Rxb4 {[%emt 0:00:19]} Ra2 {[%emt 0:00:00]} 32. Rc2 {[%emt 0:00:48]} Bd6 {[%emt 0:00:00]} 33. Rb5 {[%emt 0:00:29]} Qe4 {[%emt 0:00:00]} 34. Kg1 {[%emt 0:00:30]} Be5 {[%emt 0:00:00]} 35. Qd1 {[%emt 0:00:29]} Bf6 {[%emt 0:00:00]} 36. Rb6 {[%emt 0:00:32]} Kg7 {[%emt 0:00:00]} 37. Rb5 {[%emt 0:00:11]} Kg8 {[%emt 0:00:00]} 38. Rd2 {[%emt 0:00:41]} Qe6 {[%emt 0:00:00]} 39. Kh2 {[%emt 0:00:33]} Qc6 {[%emt 0:00:00]} 40. Qb1 {[%emt 0:00:35]} Raa8 {[%emt 0:00:00]} 41. Ba1 {[%emt 0:00:29]} Rxa1 {[%emt 0:00:00]} 42. Qxa1 {[%emt 0:00:20]} Qxb5 {[%emt 0:00:00]} 43. e4 {[%emt 0:00:41]} dxe4 {[%emt 0:00:00]} 44. Rxd8+ {[%emt 0:00:06]} Bxd8 {[%emt 0:00:00]} 45. Qa8 {[%emt 0:00:05]} Qd7 {[%emt 0:00:00]} 46. Qxe4 {[%emt 0:00:13]} Qd3 {[%emt 0:00:00]} 47. Qe5 {[%emt 0:00:33]} Qd7 {[%emt 0:00:00]} 48. Qe4 {[%emt 0:00:44]} Qe6 {[%emt 0:00:00]} 49. Qa8 {[%emt 0:00:10]} Qf6 {[%emt 0:00:00]} 50. Kg2 {[%emt 0:00:24]} Kg7 {[%emt 0:00:00]} 51. Qc8 {[%emt 0:00:06]} Bb6 {[%emt 0:00:00]} 52. Qxc4 {[%emt 0:00:21]} Qxf2+ {[%emt 0:00:00]} 53. Kh3 {[%emt 0:00:28]} Qg1 {[%emt 0:00:00]} 0-1

[Event "FRA-ch Youth U14 2019"]
[Site "Hyeres"]
[Date "2019.04.14"]
[Round "1.3"]
[White "Maugenest, Ghislain"]
[Black "Mathez, Florian"]
[Result "1-0"]
[WhiteElo "2167"]
[BlackElo "1784"]
[Annotator "NA"]
[PlyCount "115"]
[EventDate "2019.04.14"]
[EventType "swiss"]
[EventCountry "FRA"]
[SourceTitle "playchess.com"]
[Source "ChessBase"]
[SourceQuality "1"]
[TimeControl "5400+30"]

1. d4 {[%emt 0:00:00]} Nf6 {[%emt 0:00:00]} 2. c4 {[%emt 0:00:00]} e6 {[%emt 0:00:00]} 3. Nc3 {[%emt 0:00:16]} Bb4 {[%emt 0:00:00]} 4. Qc2 {[%emt 0:00:38]} O-O {[%emt 0:00:11]} 5. a3 {[%emt 0:00:23]} Bxc3+ {[%emt 0:00:17]} 6. Qxc3 {[%emt 0:00:22]} d5 {[%emt 0:00:15]} 7. Bg5 {[%emt 0:00:56]} Nbd7 {[%emt 0:15:23]} 8. e3 {[%emt 0:01:01]} c6 {[%emt 0:07:30]} 9. Bd3 {[%emt 0:01:57]} Ne4 {[%emt 0:03:02]} 10. Bxd8 Nxc3 11. Bh4 {[%emt 0:01:13]} Ne4 {[%emt 0:01:34]} 12. f3 {[%emt 0:01:01]} Nef6 {[%emt 0:00:32]} 13. Ne2 {[%emt 0:00:57]} e5 {[%emt 0:06:58]} 14. c5 {[%emt 0:04:48]} Re8 {[%emt 0:04:04]} 15. Kd2 {[%emt 0:01:18]} b6 {[%emt 0:02:48]} 16. b4 {[%emt 0:01:24]} e4 {[%emt 0:05:43]} 17. Bc2 {[%emt 0:01:26]} Ba6 {[%emt 0:04:43]} 18. Nc3 {[%emt 0:03:08]} Bc4 {[%emt 0:02:52]} 19. Bg3 {[%emt 0:05:23]} Re6 {[%emt 0:07:16]} 20. Rhb1 {[%emt 0:13:03]} Rae8 {[%emt 0:08:39]} 21. Bf2 {[%emt 0:01:46]} h6 {[%emt 0:03:28]} 22. a4 {[%emt 0:02:06]} Ra8 {[%emt 0:04:10]} 23. h3 {[%emt 0:05:15]} g6 {[%emt 0:04:30]} 24. Ne2 {[%emt 0:13:22]} Bxe2 {[%emt 0:00:32]} 25. Kxe2 {[%emt 0:00:07]} Ree8 {[%emt 0:01:59]} 26. Kd2 {[%emt 0:01:23]} Nh7 {[%emt 0:01:41]} 27. Bd1 {[%emt 0:02:07]} f5 {[%emt 0:01:09]} 28. Bg3 {[%emt 0:01:10]} Ng5 {[%emt 0:00:26]} 29. Be2 {[%emt 0:02:23]} exf3 {[%emt 0:00:21]} 30. gxf3 {[%emt 0:00:12]} Re6 {[%emt 0:01:19]} 31. h4 {[%emt 0:00:46]} Nf7 {[%emt 0:00:30]} 32. Rc1 {[%emt 0:02:29]} Rae8 {[%emt 0:00:10]} 33. Ra3 {[%emt 0:00:49]} g5 {[%emt 0:00:14]} 34. hxg5 {[%emt 0:00:58]} hxg5 {[%emt 0:00:10]} 35. b5 {[%emt 0:08:15]} f4 {[%emt 0:02:51]} 36. Bf2 {[%emt 0:00:37]} bxc5 {[%emt 0:01:39]} 37. dxc5 {[%emt 0:03:19]} Nde5 {[%emt 0:03:18]} 38. b6 {[%emt 0:02:12]} R6e7 {[%emt 0:01:52]} 39. Rb3 {[%emt 0:04:14]} d4 {[%emt 0:04:24]} 40. e4 {[%emt 0:01:08]} Rd7 {[%emt 0:00:10]} 41. a5 {[%emt 0:01:39]} d3 {[%emt 0:01:09]} 42. Bd1 {[%emt 0:02:16]} a6 {[%emt 0:01:04]} 43. Rb4 {[%emt 0:00:55]} Red8 {[%emt 0:00:38]} 44. Rcb1 {[%emt 0:00:45]} Kg7 {[%emt 0:00:33]} 45. Kc3 {[%emt 0:04:14]} Rb7 {[%emt 0:01:19]} 46. Bd4 {[%emt 0:01:32]} Kg6 {[%emt 0:00:11]} 47. Ba4 {[%emt 0:00:52]} Rbd7 {[%emt 0:00:30]} 48. b7 {[%emt 0:02:25]} Rb8 {[%emt 0:00:10]} 49. Rb6 {[%emt 0:00:39]} Nxf3 {[%emt 0:01:26]} 50. Bxc6 {[%emt 0:01:02]} Rxd4 {[%emt 0:00:24]} 51. Bd5+ {[%emt 0:00:20]} Kg7 {[%emt 0:00:14]} 52. c6 {[%emt 0:00:11]} Nd6 {[%emt 0:01:00]} 53. c7 {[%emt 0:00:23]} Rxb7 {[%emt 0:00:20]} 54. Rxb7 {[%emt 0:00:18]} Kf6 {[%emt 0:00:04]} 55. R7b6 {[%emt 0:00:16]} d2 {[%emt 0:00:56]} 56. Rxd6+ {[%emt 0:00:37]} Kg7 {[%emt 0:00:05]} 57. c8=Q {[%emt 0:00:08]} d1=Q {[%emt 0:00:09]} 58. Qg8# {[%emt 0:00:08]} 1-0

[Event "FRA-ch Youth U14 2019"]
[Site "Hyeres"]
[Date "2019.04.14"]
[Round "1.4"]
[White "Hornet, Nicolas"]
[Black "Papadiamandis, Elliot"]
[Result "1/2-1/2"]
[WhiteElo "1783"]
[BlackElo "2157"]
[Annotator "NA"]
[PlyCount "98"]
[EventDate "2019.04.14"]
[EventType "swiss"]
[EventCountry "FRA"]
[SourceTitle "playchess.com"]
[Source "ChessBase"]
[SourceQuality "1"]
[TimeControl "5400+30"]

1. d4 {[%emt 0:00:00]} Nf6 {[%emt 0:00:00]} 2. Bf4 {[%emt 0:00:00]} g6 {[%emt 0:00:01]} 3. e3 {[%emt 0:00:00]} Bg7 {[%emt 0:00:20]} 4. Nf3 {[%emt 0:00:00]} d6 {[%emt 0:00:21]} 5. h3 {[%emt 0:00:00]} O-O {[%emt 0:00:16]} 6. Be2 {[%emt 0:00:11]} Nbd7 {[%emt 0:00:27]} 7. O-O {[%emt 0:00:13]} b6 {[%emt 0:00:21]} 8. c4 {[%emt 0:00:13]} Bb7 {[%emt 0:00:16]} 9. Nc3 {[%emt 0:00:12]} Ne4 {[%emt 0:00:47]} 10. Nxe4 {[%emt 0:01:00]} Bxe4 {[%emt 0:00:03]} 11. Qd2 {[%emt 0:01:34]} Bb7 {[%emt 0:02:20]} 12. Rfd1 {[%emt 0:03:18]} Qe8 {[%emt 0:06:35]} 13. Rac1 {[%emt 0:07:08]} e5 {[%emt 0:03:59]} 14. dxe5 {[%emt 0:04:30]} Nxe5 {[%emt 0:00:40]} 15. Nxe5 {[%emt 0:00:58]} Bxe5 {[%emt 0:05:12]} 16. Bh6 {[%emt 0:02:21]} Bg7 {[%emt 0:00:22]} 17. Bxg7 {[%emt 0:00:04]} Kxg7 {[%emt 0:00:15]} 18. Qd4+ {[%emt 0:00:35]} f6 {[%emt 0:02:58]} 19. b4 {[%emt 0:05:33]} Qe4 {[%emt 0:04:12]} 20. Qxe4 {[%emt 0:01:47]} Bxe4 {[%emt 0:00:02]} 21. c5 {[%emt 0:00:24]} dxc5 {[%emt 0:02:06]} 22. bxc5 {[%emt 0:07:35]} Bf5 {[%emt 0:13:10]} 23. Bf3 {[%emt 0:08:11]} Rad8 {[%emt 0:02:27]} 24. c6 {[%emt 0:11:59]} Kf7 {[%emt 0:01:27]} 25. Bd5+ {[%emt 0:02:02]} Be6 {[%emt 0:03:33]} 26. e4 {[%emt 0:03:03]} Rd6 {[%emt 0:04:51]} 27. Rd4 {[%emt 0:01:54]} Re8 {[%emt 0:04:28]} 28. Rcd1 {[%emt 0:02:21]} Bxd5 {[%emt 0:06:19]} 29. exd5 {[%emt 0:01:07]} Re2 {[%emt 0:02:03]} 30. a4 {[%emt 0:01:01]} a6 {[%emt 0:01:33]} 31. Kf1 {[%emt 0:01:33]} Rc2 {[%emt 0:04:42]} 32. g3 {[%emt 0:04:14]} Rc5 {[%emt 0:02:26]} 33. Kg2 {[%emt 0:01:33]} f5 {[%emt 0:01:08]} 34. f4 {[%emt 0:01:30]} Rc2+ {[%emt 0:01:47]} 35. Kf3 {[%emt 0:01:16]} Rc3+ {[%emt 0:01:54]} 36. Kg2 {[%emt 0:00:16]} Re3 {[%emt 0:01:01]} 37. Kf2 {[%emt 0:00:39]} Re7 {[%emt 0:01:26]} 38. R1d3 {[%emt 0:02:12]} Re8 {[%emt 0:01:58]} 39. Re3 {[%emt 0:02:21]} Red8 {[%emt 0:00:33]} 40. Red3 {[%emt 0:00:41]} Rb8 {[%emt 0:01:41]} 41. Re3 {[%emt 0:01:32]} Rbd8 {[%emt 0:01:55]} 42. Red3 {[%emt 0:00:10]} h6 {[%emt 0:00:14]} 43. h4 {[%emt 0:00:43]} Kf6 {[%emt 0:00:31]} 44. Kf3 {[%emt 0:00:59]} Rh8 {[%emt 0:02:23]} 45. Re3 {[%emt 0:01:51]} Rhd8 {[%emt 0:00:29]} 46. Red3 {[%emt 0:00:09]} g5 {[%emt 0:03:29]} 47. hxg5+ {[%emt 0:00:16]} hxg5 {[%emt 0:00:07]} 48. fxg5+ {[%emt 0:00:04]} Kxg5 {[%emt 0:00:42]} 49. g4 {[%emt 0:00:38]} Rf8 {[%emt 0:01:24] Ke4 [%clk 0:00:00]} 1/2-1/2

[Event "FRA-ch Youth U14 2019"]
[Site "Hyeres"]
[Date "2019.04.15"]
[Round "2.1"]
[White "Lamaze, Simon"]
[Black "Nguyen-Cadoret, Nathan"]
[Result "1/2-1/2"]
[WhiteElo "1937"]
[BlackElo "2211"]
[Annotator "TA"]
[PlyCount "88"]
[EventDate "2019.04.14"]
[EventType "swiss"]
[EventCountry "FRA"]
[SourceTitle "playchess.com"]
[Source "ChessBase"]
[SourceQuality "1"]

{[%evp 19,88,12,11,0,0,0,54,44,42,0,12,22,12,15,26,0,10,10,9,16,15,21,16,16,8,-5,2,8,8,0,0,-10,5,6,10,0,84,86,163,177,267,267,341,339,329,323,323,191,327,327,327,327,327,327,503,454,663,645,650,678,677,675,659,662,661,653,653,643,635,556,353]} 1. d4 Nf6 2. Nf3 e6 3. g3 d5 4. Bg2 c5 5. c4 dxc4 6. O-O Nc6 7. Qa4 Bd7 8. Qxc4 b5 9. Qd3 c4 10. Qd1 Rc8 11. Bf4 {E04: Open Catalan: 5 Nf3} (11. b3 Na5 12. Ne5 cxb3 13. axb3 Rxc1 14. Qxc1 Nxb3 15. Qb2 Nxa1 16. Qxa1 Bd6 17. Qxa7 O-O 18. Nxd7 Nxd7 {½-½ (77) Yu,Y (2751)-Harikrishna,P (2744) Huaian 2017}) 11... Nd5 12. Bg5 $146 ({Predecessor:} 12. Bd2 Bd6 13. a3 Qb6 14. e4 Nde7 15. Be3 Qb8 16. Nc3 Na5 17. Qe2 O-O 18. Rad1 Rfe8 {1-0 (30) Bennett,M (1650)-Lynn,W (1962) Rotorua 2011}) 12... f6 (12... Be7 $11 13. Bxe7 Ncxe7) 13. Bd2 {White is slightly better.} Be7 14. a3 O-O 15. e4 Nb6 16. Nc3 e5 17. dxe5 Nxe5 18. Nxe5 fxe5 19. Be3 Bc5 20. Bxc5 Rxc5 21. Qd6 Qc7 22. Rad1 a5 23. Qxc7 Rxc7 24. Nd5 $36 {[%mdl 2048] White has some pressure.} Nxd5 25. Rxd5 Re8 26. Rfd1 Re7 27. Bf1 Bg4 (27... a4 $11) 28. Rc1 $16 Bf3 (28... Bd7 $16) 29. Rxb5 $18 Bxe4 (29... c3 $142) 30. Rxc4 Rxc4 31. Bxc4+ {[%mdl 4096] Endgame KRB-KRB} Kf8 32. Rb8+ Re8 {[#]} 33. Rxe8+ $1 Kxe8 {KB-KB} 34. f4 exf4 35. gxf4 Ke7 36. Kf2 Kd6 (36... Bc6 $142 37. Ke3 Kd6) 37. b4 {White is clearly winning.} axb4 (37... h6 $142 38. bxa5 Bc6) 38. axb4 Bd5 39. Bd3 Bg8 40. Ke3 Kd5 41. Bb1 {[#] Black must now prevent Ba2+.} Kc6 42. Kd4 Kb5 43. Kc3 h6 44. Bd3+ Kb6 {[%mdl 32768] Accuracy: White = 71%, Black = 30%. . An unexpected result.} 1/2-1/2

[Event "FRA-ch Youth U14 2019"]
[Site "Hyeres"]
[Date "2019.04.15"]
[Round "2.2"]
[White "Razafindratsima, Timothe"]
[Black "Cavailles, Evan"]
[Result "1-0"]
[WhiteElo "2181"]
[BlackElo "1942"]
[Annotator "TA"]
[PlyCount "127"]
[EventDate "2019.04.14"]
[EventType "swiss"]
[EventCountry "FRA"]
[SourceTitle "playchess.com"]
[Source "ChessBase"]
[SourceQuality "1"]

{[%evp 16,127,71,38,33,24,39,23,32,31,29,23,35,37,56,27,73,93,103,83,102,64,66,0,0,0,11,-1,44,29,58,58,58,56,66,60,219,212,259,250,236,75,196,2,91,98,329,85,232,72,50,33,83,78,86,0,107,97,97,97,97,97,113,127,128,95,84,77,116,75,97,97,97,97,97,97,97,97,97,97,97,97,97,97,97,69,97,97,97,97,97,97,29966,2104,29977,29978,29980,29976,29983,29984,29986,29987,29987,29988,29988,29989,29989,29990,29991,29992,29992,29991,29992,29991]} 1. e4 c5 2. Nf3 Nc6 3. d4 cxd4 4. Nxd4 Qb6 5. Nb3 Nf6 6. Nc3 e6 7. Be3 Qc7 8. a3 a6 9. Be2 Be7 {B33: Sicilian: Pelikan and Sveshnikov Variations} (9... b5 10. O-O Ne5 11. f4 Nc4 12. Bxc4 bxc4 13. e5 cxb3 14. exf6 Bb7 15. fxg7 Bxg7 16. cxb3 Bxc3 17. bxc3 Rg8 18. Ra2 Qxc3 {0-1 (43) Yu,K (2375)-Naiditsch,A (2698) Jiangmen 2018}) 10. Qd2 b5 11. f4 {Black should prevent e5.} d6 {White has an edge.} 12. g4 Bb7 13. g5 Nd7 14. h4 Nc5 $146 ({Predecessor:} 14... Na5 15. Nxa5 Qxa5 16. Bf3 Qc7 17. h5 {0-1 (54) Kanak,F (1895)-Holeksa,Z (2162) Stare Mesto 2014}) 15. h5 b4 16. axb4 Nxb3 17. cxb3 Nxb4 18. Kf2 {h6 is the strong threat.} d5 19. h6 ({White should play} 19. Rac1 $14 Qd6 20. e5) 19... gxh6 $1 $11 20. Rac1 (20. gxh6 Bc5 $17) 20... Qd8 $1 21. Qd4 $132 {[%mdl 2048] White puts up resistance} Rg8 {[%cal Rh6g5]} (21... Rf8 {feels hotter.} 22. exd5 hxg5 23. fxg5 Bxd5 24. Nxd5 Qxd5 25. Rc7 Bd6) 22. exd5 (22. Rxh6 $2 Nc6 $17) 22... Nxd5 23. Nxd5 (23. Rxh6 Nxe3 24. Qxe3 Rxg5 $15) 23... Qxd5 24. Qxd5 ({Much weaker is} 24. Rxh6 Qg2+ 25. Ke1 Rd8 $15) 24... Bxd5 25. Rxh6 Bxb3 $2 (25... e5 $14) 26. Rxh7 $18 Bd5 27. Bh5 $1 {[%cal Rh5f7]} e5 28. fxe5 $2 (28. g6 $1 $18 {[%cal Rg6f7]} fxg6 29. Bd1 exf4 30. Bxf4) 28... Rb8 {[#]} (28... Bxg5 $16 29. Bxg5 Rxg5) 29. Rc2 $2 (29. g6 $1 $18 {[%cal Rg6f7][%mdl 512]} fxg6 30. Bd1 Rf8+ 31. Kg1) 29... Rd8 (29... Bxg5 $11 30. Bxg5 Rxg5) 30. Rc7 {And now g6! would win.} Rb8 $2 {[#]} (30... Rd7 $16 31. Rc8+ Rd8 32. Rxd8+ Kxd8 33. Bxf7 Bxf7) 31. Bd4 $2 (31. b4 $1 $18 {[%mdl 512]}) 31... Rf8 (31... Kd8 $16 32. Ra7 (32. Bxf7 Bxf7 33. Ra7 Rf8 $16) 32... Rxb2+ 33. Be2 (33. Bxb2 Bc5+ 34. Kg3 Bxa7 $16) 33... Rb8) 32. Be2 $2 (32. Bf3 $1 $18 {[%cal Rf3d5] is the precise move to win.} Bxf3 33. Kxf3) 32... Bxg5 $16 33. Bxa6 Bd8 34. Rc5 Be6 {[#]} 35. Bb5+ (35. Rb5 $1 $16 {[%cal Rb5b8]} Rxb5 36. Bxb5+ Bd7 37. Be2) 35... Bd7 {[#]} (35... Ke7 $1 $11) 36. Bxd7+ $1 Kxd7 37. Rh6 Be7 38. Ra5 Rb7 39. Kf3 Rg8 40. Rd5+ Kc7 41. Bc3 Kb8 42. Ra6 {aiming for e6.} (42. Rd4 {keeps more tension.} Rc7 43. Rh1 Bc5 44. Rf4 Rd7 45. Rf6) 42... Rd8 43. Ke4 Rxd5 44. Kxd5 {[%mdl 4096] Endgame KRB-KRB} Kc7 45. Rh6 {Black must now prevent Rh7.} Kd7 46. Rh7 Rb5+ 47. Kc4 Rc5+ 48. Kd4 Ke6 49. Rh6+ Kd7 50. b4 Rc6 51. Rxc6 Kxc6 {KB-KB} 52. Kc4 Bd8 53. b5+ Kd7 $2 {[%mdl 8192]} (53... Kb6 $16 54. Bd2 Be7) 54. Kc5 (54. Kd5 $142 Bb6 55. Bd4 Ba5 56. b6 Be1 57. Kc5 Bh4 58. Kb5 Bd8 59. Bb2) 54... Bc7 55. b6 {White mates.} Bb8 56. Kb5 Ke6 57. Kc6 Kf5 58. Kb7 Bxe5 59. Bxe5 Kxe5 {KP-KP} 60. Kc6 f5 61. b7 f4 62. b8=Q+ Ke4 63. Qb1+ Ke3 64. Qf1 {Accuracy: White = 58%, Black = 29%.} 1-0

[Event "FRA-ch Youth U14 2019"]
[Site "Hyeres"]
[Date "2019.04.15"]
[Round "2.3"]
[White "Candelot, Clement"]
[Black "Maugenest, Ghislain"]
[Result "1-0"]
[WhiteElo "1875"]
[BlackElo "2167"]
[Annotator "RC"]
[PlyCount "91"]
[EventDate "2019.04.14"]
[EventType "swiss"]
[EventCountry "FRA"]
[SourceTitle "playchess.com"]
[Source "ChessBase"]
[SourceQuality "1"]
[TimeControl "5400+30"]

1. e4 e5 2. Nf3 Nc6 3. Bc4 Bc5 4. c3 Nf6 5. d4 exd4 6. cxd4 Bb4+ 7. Bd2 Bxd2+ 8. Nbxd2 d5 9. exd5 Nxd5 10. O-O O-O 11. Rc1 Nb6 12. Bb3 Bf5 13. Rc5 Ne7 14. Re1 Bg6 15. Ne4 c6 16. Qd2 Nbd5 17. Rcc1 a5 18. Ne5 a4 19. Bd1 a3 20. bxa3 Rxa3 21. Bb3 Nf5 22. Nc5 Nd6 23. Nxb7 Nxb7 24. Nxc6 Qf6 25. Bxd5 Nd6 26. Ne7+ Kh8 27. Nxg6+ hxg6 28. Bb3 Nf5 29. Rcd1 g5 30. Qd3 Rb8 31. Qh3+ Nh6 32. Qd7 Ra6 33. Qe7 Qg6 34. d5 Rd6 35. Bc2 Qf6 36. Qxf6 gxf6 37. Bb3 Kg7 38. f3 f5 39. Rc1 f4 40. Rc6 Nf5 41. Re5 Rxc6 42. dxc6 Kf6 43. c7 Rc8 44. Rc5 Ne3 45. Bc4 Nxc4 46. Rxc4 {[%emt 0:21:21]} 1-0